Statistics for Lost Boy - Ruth B lyrics

Click here to take the quiz!

General Stats

  • This quiz has been taken 1,420 times
  • The average score is 248 of 304

Answer Stats

Answer% Correct
a
100%
i
100%
boy
97%
the
97%
lost
96%
pan
96%
peter
96%
never
95%
and
94%
from
94%
me
94%
on
94%
to
94%
in
93%
am
92%
neverland
92%
when
92%
with
92%
hook
91%
we
91%
captain
90%
run
90%
away
89%
they
89%
home
88%
always
86%
hanging
86%
my
86%
out
86%
you
86%
be
85%
say
85%
say...
85%
he
84%
no
83%
so
83%
was
83%
play
82%
woods
82%
are
81%
even
81%
is
81%
reality
81%
call
80%
go
80%
like
80%
that
80%
usually
80%
all
79%
boys
79%
for
79%
alone
78%
of
78%
there
78%
man
77%
moon
77%
time
77%
friend
76%
only
76%
place
76%
sweet
76%
we're
76%
what
76%
free
75%
now
75%
told
75%
too
75%
bored
74%
fly
74%
said
74%
would
74%
day
73%
ever
73%
sometimes
73%
that's
73%
night
72%
since
72%
then
72%
lonely
71%
one
71%
smile
71%
as
70%
eyes
70%
while
70%
saw
69%
shadow
69%
you'll
69%
nowhere
68%
promise
68%
sweetest
68%
came
67%
closed
67%
talk
67%
flying
66%
love
66%
wanted
66%
wendy
63%
will
63%
high
59%
darling
57%
tinker
57%
book
56%
story
56%
believe
55%
bell
55%
him
54%
dust
52%
perfect
50%
pixie
49%
sprinkled
49%
beautiful
48%
destiny
48%
loved
48%
cloud
47%
family
47%
had
47%
together
46%
your
46%
at
44%
finally
44%
forever
44%
town
44%
green
41%
above
40%
last
39%
sand
39%
feet
37%
hit
37%
soon
37%
reached
36%
peacefully
35%
soared
34%
enough
33%
realised
26%

Score Distribution

Percentile by Number Answered

Percent of People with Each Score

Your Score History

You have not taken this quiz